000
00220nam a2200097Ia 4500
008
191206s9999 xx 000 0 und d
090
_a
PS3515A515R31
245
2
_a
A raising in the sun
260
_a
Signet
260
_c
c1964
999
_c
15374
_d
15374